Click The British Empire Countries - Map Quiz - Statistics

General Stats
  • This quiz has been taken 21 times
  • The average score is 24 of 73
Answers on the Map
Answers color-coded by a green-red scale on the quiz's map according to % correct below.
 
Answer Stats
Answer % Correct
Papua New Guinea
62%
Bangladesh
54%
Iraq
54%
Libya
54%
Turkey
54%
Australia
46%
Belize
46%
Cameroon
46%
Canada
46%
Cyprus
46%
India
46%
Malaysia
46%
South Sudan
46%
Sudan
46%
Zimbabwe
46%
Bahamas
38%
Botswana
38%
China
38%
Eswatini
38%
Ghana
38%
Ireland
38%
Jamaica
38%
Jordan
38%
Kenya
38%
Kuwait
38%
Malawi
38%
Maldives
38%
Malta
38%
Mauritius
38%
Namibia
38%
Nepal
38%
New Zealand
38%
Oman
38%
Pakistan
38%
Seychelles
38%
Sierra Leone
38%
Solomon Islands
38%
Somalia
38%
Sri Lanka
38%
United Kingdom
38%
Yemen
38%
Zambia
38%
Egypt
31%
Fiji
31%
Lesotho
31%
Myanmar
31%
Nigeria
31%
Qatar
31%
Samoa
31%
South Africa
31%
Tanzania
31%
Togo
31%
Uganda
31%
United Arab
Emirates
31%
Bhutan
23%
Gambia
23%
Israel
23%
Kiribati
23%
Tonga
23%
Barbados
15%
Brunei
15%
Trinidad And Tobago
15%
Tuvalu
15%
Nauru
15%
Singapore
15%
Vanuatu
15%
Bahrain
8%
St Lucia
8%
Antigua And Barbuda
0%
Dominica
0%
Grenada
0%
St Kitts And Nevis
0%
St Vincent and The Grenadines
0%
No matching quizzes found
Score Distribution
Percent of People with Each Score
Percentile by Number Answered
Your Score History
You have not taken this quiz